[Event "AUT-chT 1819"]
[Site "Austria"]
[Date "2019.03.31"]
[Round "10.3"]
[White "Oberhofer, Cedric"]
[Black "Koop, Thorben"]
[Result "1/2-1/2"]
[WhiteElo "2238"]
[BlackElo "2350"]
[PlyCount "72"]
[EventDate "2018.11.15"]
[EventType "team-tourn"]
[EventRounds "11"]
[EventCountry "AUT"]
[SourceTitle "CBM 189 Extra"]
[Source "ChessBase"]
[SourceDate "2019.06.03"]
[SourceVersion "1"]
[SourceVersionDate "2019.06.03"]
[SourceQuality "1"]
[WhiteTeam "Salzburg Royal"]
[BlackTeam "St Veit"]
[WhiteTeamCountry "AUT"]
[BlackTeamCountry "AUT"]

1. d4 d6 2. Nf3 Nf6 3. c4 g6 4. g3 c6 5. Bg2 Be6 6. b3 Qc8 7. Ng5 Bd7 8. Nc3 h6 9. Nf3 Bh3 10. 0-0 Bg7 11. Bb2 0-0 12. e4 Bxg2 13. Kxg2 Nfd7 14. Qd2 a6 15. Rac1 b5 16. Nd1 c5 17. d5 Nf6 18. e5 dxe5 19. Bxe5 Nbd7 20. Ba1 Qb7 21. Ne3 Rad8 22. Rfd1 b4 23. Kg1 Ne4 24. Qd3 Nc3 25. Bxc3 Bxc3 26. Rxc3 bxc3 27. Ng4 h5 28. Nge5 Nxe5 29. Nxe5 Rd6 30. Qxc3 Rfd8 31. Re1 e6 32. Nc6 Rxc6 33. dxc6 Qxc6 34. h4 Rd4 35. b4 Qd6 36. a3 e5 1/2-1/2

[Event "AUT-chT 1718"]
[Site "Austria"]
[Date "2017.11.19"]
[Round "4.5"]
[White "Kuthan, Andreas"]
[Black "Koop, Thorben"]
[Result "1/2-1/2"]
[WhiteElo "2221"]
[BlackElo "2364"]
[PlyCount "49"]
[EventDate "2017.11.16"]
[EventType "team-tourn"]
[EventRounds "11"]
[EventCountry "AUT"]
[SourceTitle "CBM 181 Extra"]
[Source "ChessBase"]
[SourceDate "2017.12.12"]
[SourceVersion "1"]
[SourceVersionDate "2017.12.12"]
[SourceQuality "1"]
[WhiteTeam "Pamhagen"]
[BlackTeam "St Veit"]
[WhiteTeamCountry "AUT"]
[BlackTeamCountry "AUT"]

1. e4 d6 2. d4 Nf6 3. f3 Nbd7 4. c4 e5 5. Ne2 Be7 6. Nbc3 0-0 7. Be3 c6 8. Qd2 a6 9. d5 cxd5 10. cxd5 b5 11. Nc1 Nb6 12. b3 Bb7 13. Be2 Rc8 14. Nd3 Nfd7 15. a4 bxa4 16. Nxa4 Nxa4 17. Rxa4 h6 18. 0-0 Bg5 19. Bxg5 hxg5 20. Qb4 Nb6 21. Raa1 Rc2 22. Bd1 Rc8 23. Be2 Rc2 24. Bd1 Rc8 25. Be2 1/2-1/2

[Event "AUT-chT 1718"]
[Site "Austria"]
[Date "2017.11.17"]
[Round "2.4"]
[White "Atlas, Valeri"]
[Black "Koop, Thorben"]
[Result "1/2-1/2"]
[WhiteElo "2446"]
[BlackElo "2364"]
[PlyCount "69"]
[EventDate "2017.11.16"]
[EventType "team-tourn"]
[EventRounds "11"]
[EventCountry "AUT"]
[SourceTitle "CBM 181 Extra"]
[Source "ChessBase"]
[SourceDate "2017.12.12"]
[SourceVersion "1"]
[SourceVersionDate "2017.12.12"]
[SourceQuality "1"]
[WhiteTeam "Hohenems"]
[BlackTeam "St Veit"]
[WhiteTeamCountry "AUT"]
[BlackTeamCountry "AUT"]

1. e4 e6 2. d4 d5 3. Nc3 Nf6 4. e5 Nfd7 5. Nce2 c5 6. f4 Nc6 7. c3 Qb6 8. Nf3 Be7 9. a3 a5 10. g3 a4 11. Bh3 Qb3 12. 0-0 Qxd1 13. Rxd1 Nb6 14. Ne1 cxd4 15. cxd4 Na5 16. Rb1 Bd7 17. Bd2 Nb3 18. Bb4 Nc4 19. Bxe7 Kxe7 20. Nf3 Rhc8 21. Kf2 b5 22. f5 exf5 23. Nf4 Be6 24. Bg2 Rab8 25. Nd3 g5 26. Nb4 g4 27. Ng1 Ncd2 28. Ne2 Nxb1 29. Rxb1 Nd2 30. Rd1 Ne4+ 31. Ke3 Rc4 32. Nf4 Rxb4 33. axb4 Rc8 34. Re1 Rc2 35. Re2 1/2-1/2

[Event "Bundesliga 1718"]
[Site "Germany"]
[Date "2017.10.21"]
[Round "1.8"]
[White "Koop, Thorben"]
[Black "Zude, Arno"]
[Result "1/2-1/2"]
[WhiteElo "2370"]
[BlackElo "2370"]
[PlyCount "110"]
[EventDate "2017.10.21"]
[EventType "team-tourn"]
[EventRounds "15"]
[EventCountry "GER"]
[SourceTitle "CBM 181"]
[Source "ChessBase"]
[SourceDate "2017.11.10"]
[SourceVersion "1"]
[SourceVersionDate "2017.11.10"]
[SourceQuality "1"]
[WhiteTeam "Werder Bremen"]
[BlackTeam "Hofheim"]
[WhiteTeamCountry "GER"]
[BlackTeamCountry "GER"]

1. Nf3 d5 2. c4 e6 3. g3 Nf6 4. Bg2 dxc4 5. Qa4+ Bd7 6. Qxc4 c5 7. Ne5 Qc8 8. Qd3 Nc6 9. Nxd7 Nxd7 10. Qb5 Nd4 11. Qa4 Be7 12. Nc3 0-0 13. 0-0 Rd8 14. d3 Ne5 15. Re1 a6 16. Bf4 Ng6 17. Bd2 Ra7 18. Rac1 b6 19. b4 c4 20. dxc4 Qxc4 21. e3 Nf5 22. Nd5 Qb5 23. Nxe7+ Nfxe7 24. Qxb5 axb5 25. Bc3 Rxa2 26. Red1 Rc8 27. Bd4 Rxc1 28. Rxc1 Ra4 29. Rb1 Nd5 30. Bxd5 exd5 31. Rc1 h6 32. Rc8+ Kh7 33. Rc7 Kg8 34. Rc8+ Kh7 35. Rc7 Kg8 36. h4 f6 37. f4 Rxb4 38. h5 Nf8 39. Bxb6 Rc4 40. Rb7 Ne6 41. Rd7 Rc6 42. Ba5 Ra6 43. Be1 Ra3 44. Kf2 Nc5 45. Rd8+ Kh7 46. Rxd5 Nd3+ 47. Ke2 Nxe1 48. Kxe1 Rxe3+ 49. Kf2 Rb3 50. Rd8 Rc3 51. f5 b4 52. Rb8 b3 53. g4 Rc2+ 54. Kg3 b2 55. Kh3 Rd2 1/2-1/2

[Event "Pardubice Czech op-A 28th"]
[Site "Pardubice"]
[Date "2017.07.25"]
[Round "5"]
[White "Haring, Viktor"]
[Black "Koop, Thorben"]
[Result "1-0"]
[WhiteElo "2241"]
[BlackElo "2389"]
[PlyCount "63"]
[EventDate "2017.07.21"]
[EventType "swiss"]
[EventRounds "9"]
[EventCountry "CZE"]
[SourceTitle "CBM 179 Extra"]
[Source "ChessBase"]
[SourceDate "2017.08.23"]
[SourceVersion "1"]
[SourceVersionDate "2017.08.23"]
[SourceQuality "1"]

1. e4 d6 2. d4 Nd7 3. Nf3 c6 4. Nc3 Ngf6 5. e5 Nd5 6. Ne4 g6 7. exd6 exd6 8. Qe2 Be7 9. Nxd6+ Kf8 10. Nxc8 Rxc8 11. Bh6+ Kg8 12. g3 Qa5+ 13. Bd2 Qb6 14. Bh3 Rd8 15. 0-0 Bf8 16. Bg5 N7f6 17. c4 h6 18. Bd2 Re8 19. Qd1 Nc7 20. Re1 Rxe1+ 21. Qxe1 Qxb2 22. Rb1 Qxa2 23. Rxb7 Nce8 24. Ne5 Nd6 25. Rc7 c5 26. dxc5 Nxc4 27. Nxf7 Nxd2 28. Be6 Nf3+ 29. Kh1 Bg7 30. Ng5+ Kf8 31. Bxa2 Nxe1 32. Ne6+ 1-0

[Event "Pardubice Czech op-A 28th"]
[Site "Pardubice"]
[Date "2017.07.24"]
[Round "4"]
[White "Koop, Thorben"]
[Black "Drozdowski, Kacper"]
[Result "0-1"]
[WhiteElo "2389"]
[BlackElo "2461"]
[PlyCount "78"]
[EventDate "2017.07.21"]
[EventType "swiss"]
[EventRounds "9"]
[EventCountry "CZE"]
[SourceTitle "CBM 179 Extra"]
[Source "ChessBase"]
[SourceDate "2017.08.23"]
[SourceVersion "1"]
[SourceVersionDate "2017.08.23"]
[SourceQuality "1"]

1. Nf3 d6 2. d4 g6 3. g3 Bg7 4. Bg2 e5 5. c4 Nc6 6. dxe5 dxe5 7. Qxd8+ Nxd8 8. Nc3 c6 9. Ne4 f6 10. Be3 Nf7 11. 0-0-0 f5 12. Nd6+ Nxd6 13. Rxd6 Nh6 14. Ng5 0-0 15. Bc5 Re8 16. Rhd1 Nf7 17. Nxf7 Kxf7 18. Rd7+ Bxd7 19. Rxd7+ Kg8 20. Rxb7 e4 21. Bxa7 Red8 22. e3 Bxb2+ 23. Kxb2 Rd2+ 24. Kb3 Rxf2 25. Bxe4 fxe4 26. h4 Rf7 27. Rxf7 Kxf7 28. Bc5 Ke6 29. g4 Kd7 30. a3 Kc7 31. Be7 Re8 32. Bg5 c5 33. h5 Kc6 34. hxg6 hxg6 35. Bf4 Rd8 36. Kb2 Rd2+ 37. Kb3 Rg2 38. g5 Rd2 39. Kc3 Rd3+ 0-1

[Event "Pardubice Czech op-A 28th"]
[Site "Pardubice"]
[Date "2017.07.21"]
[Round "1"]
[White "Gergel, Vladimir P"]
[Black "Koop, Thorben"]
[Result "0-1"]
[WhiteElo "2166"]
[BlackElo "2389"]
[PlyCount "96"]
[EventDate "2017.07.21"]
[EventType "swiss"]
[EventRounds "9"]
[EventCountry "CZE"]
[SourceTitle "CBM 179 Extra"]
[Source "ChessBase"]
[SourceDate "2017.08.23"]
[SourceVersion "1"]
[SourceVersionDate "2017.08.23"]
[SourceQuality "1"]

1. e4 c5 2. Nf3 Nc6 3. d4 cxd4 4. Nxd4 e5 5. Nb5 d6 6. c4 Be7 7. N1c3 a6 8. Na3 f5 9. Nc2 f4 10. g3 Nf6 11. gxf4 exf4 12. Bxf4 0-0 13. Be2 Nxe4 14. Qd5+ Kh8 15. Qxe4 Bf5 16. Qe3 Bxc2 17. Qd2 Bg6 18. Bg3 Bf6 19. Nd5 Bd4 20. Rd1 Qd7 21. 0-0 Rae8 22. Kh1 Be5 23. f4 Bd4 24. Bf3 Be4 25. Qg2 Bxf3 26. Rxf3 Re4 27. b3 Qf5 28. Rfd3 Rfe8 29. Qf3 Bc5 30. R3d2 Ne5 31. Qg2 Ng4 32. b4 Be3 33. Rc2 b5 34. cxb5 axb5 35. a3 Rd4 36. Rxd4 Bxd4 37. Rc1 h6 38. Rd1 Re2 39. Rxd4 Rxg2 40. Kxg2 Qc2+ 41. Kf3 Nxh2+ 42. Bxh2 Qxh2 43. Ne3 Qh3+ 44. Kf2 Qh4+ 45. Kg1 Qg3+ 46. Ng2 Qxa3 47. Kh2 Qb2 48. Rxd6 Qxb4 0-1

[Event "Bundesliga 1617"]
[Site "Germany"]
[Date "2017.05.01"]
[Round "15.7"]
[White "Giemsa, Stephan"]
[Black "Koop, Thorben"]
[Result "1-0"]
[WhiteElo "2270"]
[BlackElo "2423"]
[PlyCount "99"]
[EventDate "2016.10.15"]
[EventType "team-tourn"]
[EventRounds "15"]
[EventCountry "GER"]
[SourceTitle "CBM 178"]
[Source "ChessBase"]
[SourceDate "2017.05.14"]
[SourceVersion "1"]
[SourceVersionDate "2017.05.14"]
[SourceQuality "1"]
[WhiteTeam "Koenig Tegel"]
[BlackTeam "Werder Bremen"]
[WhiteTeamCountry "GER"]
[BlackTeamCountry "GER"]

1. d4 Nf6 2. c4 g6 3. Nc3 d5 4. cxd5 Nxd5 5. e4 Nxc3 6. bxc3 Bg7 7. Be3 c5 8. Rc1 Qa5 9. Qd2 cxd4 10. cxd4 Qxd2+ 11. Bxd2 0-0 12. Nf3 e6 13. Bb5 Nc6 14. Bxc6 bxc6 15. 0-0 Rb8 16. a3 Rb2 17. Bb4 Rd8 18. Rfe1 Bb7 19. Bc5 a5 20. Rb1 Rxb1 21. Rxb1 Ba6 22. Rb6 Bb5 23. h4 h6 24. Ne5 f5 25. Nxc6 Bxc6 26. Rxc6 Bxd4 27. Bxd4 Rxd4 28. Rxe6 Rxe4 29. Rxg6+ Kh7 30. h5 f4 31. Rf6 Re5 32. Rf7+ Kg8 33. Rxf4 Rxh5 34. a4 Kg7 35. g3 Rc5 36. Kg2 Kg6 37. Kf3 Re5 38. Rc4 Kg5 39. Rg4+ Kf5 40. Rf4+ Kg6 41. Re4 Rc5 42. Re6+ Kg7 43. Ra6 Rc3+ 44. Kg2 Rc5 45. Kh3 Rh5+ 46. Kg2 Rc5 47. f4 h5 48. Kh3 Rd5 49. Kh4 Rc5 50. Re6 1-0

[Event "Bundesliga 1617"]
[Site "Germany"]
[Date "2017.04.30"]
[Round "14.7"]
[White "Koop, Thorben"]
[Black "Baldauf, Marco"]
[Result "1/2-1/2"]
[WhiteElo "2423"]
[BlackElo "2431"]
[PlyCount "70"]
[EventDate "2016.10.15"]
[EventType "team-tourn"]
[EventRounds "15"]
[EventCountry "GER"]
[SourceTitle "CBM 178"]
[Source "ChessBase"]
[SourceDate "2017.05.14"]
[SourceVersion "1"]
[SourceVersionDate "2017.05.14"]
[SourceQuality "1"]
[WhiteTeam "Werder Bremen"]
[BlackTeam "Berlin SF"]
[WhiteTeamCountry "GER"]
[BlackTeamCountry "GER"]

1. d4 Nf6 2. c4 g6 3. Nc3 d5 4. Bg5 Ne4 5. Bh4 Nxc3 6. bxc3 dxc4 7. e3 Be6 8. Be2 Nd7 9. d5 Bf5 10. Qd4 Rg8 11. Rd1 Bg7 12. Qxc4 Nb6 13. Qb3 Qd6 14. Nf3 Qc5 15. 0-0 Bd7 16. Rb1 Bf5 17. Bb5+ c6 18. dxc6 bxc6 19. Qb4 Qxb4 20. Bxc6+ Kf8 21. cxb4 Bxb1 22. Bxa8 Bxa2 23. Bc6 Bc4 24. Rd1 f6 25. Ra1 a6 26. Nd2 Be2 27. f3 Kf7 28. Be1 Rc8 29. Kf2 Bd3 30. Rc1 Bb5 31. Bd5+ e6 32. Rxc8 Nxc8 33. Bb3 Nb6 34. Ne4 Bf8 35. Bc3 Be7 1/2-1/2

[Event "Bundesliga 1617"]
[Site "Germany"]
[Date "2017.04.09"]
[Round "12.7"]
[White "Raykhman, Alexander"]
[Black "Koop, Thorben"]
[Result "1/2-1/2"]
[WhiteElo "2412"]
[BlackElo "2423"]
[PlyCount "57"]
[EventDate "2016.10.15"]
[EventType "team-tourn"]
[EventRounds "15"]
[EventCountry "GER"]
[SourceTitle "CBM 178"]
[Source "ChessBase"]
[SourceDate "2017.05.14"]
[SourceVersion "1"]
[SourceVersionDate "2017.05.14"]
[SourceQuality "1"]
[WhiteTeam "Schwaebisch Hall"]
[BlackTeam "Werder Bremen"]
[WhiteTeamCountry "GER"]
[BlackTeamCountry "GER"]

1. d4 Nf6 2. c4 g6 3. Nf3 Bg7 4. e3 0-0 5. Be2 d6 6. Nc3 Nbd7 7. 0-0 e5 8. b4 exd4 9. exd4 a5 10. b5 Nb6 11. a4 Re8 12. Qb3 Bf5 13. Be3 h6 14. Rad1 Qe7 15. Rfe1 Kh7 16. h3 Qf8 17. Nd2 Rad8 18. Bf3 Bc8 19. Qc2 Bf5 20. Qa2 Bc8 21. Rc1 Qh8 22. Ne2 Nbd7 23. Nb3 b6 24. Qc2 Nf8 25. Ng3 Ne6 26. h4 h5 27. Re2 Kg8 28. Rce1 Bd7 29. d5 1/2-1/2

[Event "AUT-chT 1617"]
[Site "Austria"]
[Date "2017.03.26"]
[Round "8.1"]
[White "Naumann, Alexander"]
[Black "Koop, Thorben"]
[Result "1/2-1/2"]
[WhiteElo "2561"]
[BlackElo "2423"]
[PlyCount "63"]
[EventDate "2016.10.20"]
[EventType "team-tourn"]
[EventRounds "11"]
[EventCountry "AUT"]
[SourceTitle "CBM 177 Extra"]
[Source "ChessBase"]
[SourceDate "2017.04.27"]
[SourceVersion "1"]
[SourceVersionDate "2017.04.27"]
[SourceQuality "1"]
[WhiteTeam "Maria Saal"]
[BlackTeam "St Veit"]
[WhiteTeamCountry "AUT"]
[BlackTeamCountry "AUT"]

1. e4 c5 2. Nf3 Nc6 3. d4 cxd4 4. Nxd4 e5 5. Nb5 d6 6. N1c3 a6 7. Na3 b5 8. Nd5 Nge7 9. c4 Nd4 10. Bd3 Nxd5 11. cxd5 Be7 12. Nc2 Nxc2+ 13. Qxc2 Bd7 14. Be3 0-0 15. Qd2 h6 16. 0-0 Bg5 17. Rac1 Bxe3 18. Qxe3 Qb8 19. h3 Qb7 20. Be2 Rac8 21. Bg4 Rxc1 22. Rxc1 Rc8 23. Rxc8+ Bxc8 24. Qc3 Bxg4 25. hxg4 Kf8 26. g3 f6 27. Kg2 Ke8 28. b4 Ke7 29. a3 g5 30. Qc1 Kf8 31. Qc3 Kf7 32. Qc1 1/2-1/2

[Event "Bundesliga 1617"]
[Site "Germany"]
[Date "2017.02.18"]
[Round "7.8"]
[White "Dirr, Ulrich"]
[Black "Koop, Thorben"]
[Result "0-1"]
[WhiteElo "2250"]
[BlackElo "2423"]
[PlyCount "96"]
[EventDate "2016.10.15"]
[EventType "team-tourn"]
[EventRounds "15"]
[EventCountry "GER"]
[SourceTitle "CBM 177"]
[Source "ChessBase"]
[SourceDate "2017.03.16"]
[SourceVersion "1"]
[SourceVersionDate "2017.03.16"]
[SourceQuality "1"]
[WhiteTeam "Muenchen Zugzwang"]
[BlackTeam "Werder Bremen"]
[WhiteTeamCountry "GER"]
[BlackTeamCountry "GER"]

1. d4 Nf6 2. c4 d6 3. g3 e5 4. Bg2 Be7 5. Nf3 Nbd7 6. 0-0 0-0 7. Nc3 c6 8. e4 a6 9. a4 a5 10. h3 b6 11. Be3 Qc7 12. Ne1 Ba6 13. b3 Rad8 14. Rc1 Rfe8 15. Nc2 Bf8 16. Re1 Bb7 17. Qd2 Qb8 18. d5 cxd5 19. exd5 Qc8 20. Rb1 Ba6 21. g4 Nc5 22. Bg5 Be7 23. Ne3 Nfe4 24. Nxe4 Nxe4 25. Bxe4 Bxg5 26. Qd3 g6 27. Ng2 Rf8 28. Qg3 Qd7 29. h4 Bh6 30. f4 exf4 31. Nxf4 Bc8 32. Bf3 Bg7 33. Qf2 Qc7 34. Nd3 h6 35. Re2 f5 36. g5 hxg5 37. hxg5 f4 38. Qh4 Bf5 39. Rd1 Bd4+ 40. Kg2 Be3 41. Rh1 Qg7 42. Nf2 Kf7 43. Ne4 Rfe8 44. Nf6 Rh8 45. Qe1 Rxh1 46. Kxh1 Rh8+ 47. Rh2 Rxh2+ 48. Kxh2 Qh8+ 0-1

[Event "BL2-Nord 1617"]
[Site "Germany"]
[Date "2016.11.20"]
[Round "2.2"]
[White "Colpe, Malte"]
[Black "Koop, Thorben"]
[Result "1-0"]
[WhiteElo "2394"]
[BlackElo "2430"]
[PlyCount "93"]
[EventDate "2016.10.16"]
[EventType "team-tourn"]
[EventRounds "9"]
[EventCountry "GER"]
[SourceTitle "EXT 2018"]
[Source "ChessBase"]
[SourceDate "2017.10.13"]
[SourceVersion "1"]
[SourceVersionDate "2017.10.13"]
[SourceQuality "1"]
[WhiteTeam "Hamburger SK II"]
[BlackTeam "Werder Bremen II"]
[WhiteTeamCountry "GER"]
[BlackTeamCountry "GER"]

1. d4 Nf6 2. c4 g6 3. Nc3 d5 4. Bg5 Ne4 5. Bh4 Nxc3 6. bxc3 dxc4 7. e3 Be6 8. Be2 Bg7 9. Nh3 Nd7 10. Nf4 Bf5 11. Bxc4 Nb6 12. Be2 0-0 13. 0-0 Bd7 14. Bf3 Rb8 15. Qb3 Bh6 16. Nd3 Be6 17. Qb4 Re8 18. Nc5 Bd5 19. e4 Bc6 20. d5 Bd7 21. e5 Bf5 22. g4 Bc2 23. Qd4 Nd7 24. a4 Nxc5 25. Qxc5 Qd7 26. Ra2 Bxa4 27. Rb1 b5 28. Qxa7 Qc8 29. Qc5 e6 30. c4 Bf8 31. Qd4 Qd7 32. Rab2 Ba3 33. Ra2 Bf8 34. Qa1 Bg7 35. Bg3 exd5 36. cxd5 Rbd8 37. Qc3 Qe7 38. Re2 Rd7 39. Qc6 Qd8 40. Bh4 Qc8 41. Rbe1 h6 42. e6 fxe6 43. Rxe6 Rf8 44. Bg3 Qd8 45. Be4 Bb3 46. Rxg6 Bxd5 47. Rxg7+ 1-0

[Event "EU-Cup 32nd"]
[Site "Novi Sad"]
[Date "2016.11.10"]
[Round "5.4"]
[White "Kovachev, Daniel Jakobsen"]
[Black "Koop, Thorben"]
[Result "1-0"]
[WhiteElo "2309"]
[BlackElo "2430"]
[PlyCount "177"]
[EventDate "2016.11.06"]
[EventType "team-swiss"]
[EventRounds "7"]
[EventCountry "SRB"]
[SourceTitle "CBM 176"]
[Source "ChessBase"]
[SourceDate "2017.01.17"]
[SourceVersion "1"]
[SourceVersionDate "2017.01.17"]
[SourceQuality "1"]
[WhiteTeam "Oslo Schakselskap"]
[BlackTeam "Werder Bremen"]
[WhiteTeamCountry "NOR"]
[BlackTeamCountry "GER"]

1. e4 c5 2. Nf3 Nc6 3. Bb5 g6 4. 0-0 Bg7 5. Re1 Nf6 6. e5 Nd5 7. Nc3 Nc7 8. Bxc6 dxc6 9. Ne4 b6 10. h3 0-0 11. d3 a5 12. Bd2 a4 13. Qc1 Ne6 14. Bh6 Nd4 15. Nxd4 Qxd4 16. Bxg7 Kxg7 17. Ng5 Bf5 18. Nf3 Qd7 19. Qf4 h6 20. Re3 Be6 21. a3 Ra5 22. Re4 Bd5 23. Ree1 Bxf3 24. Qxf3 Qe6 25. Qf4 Rd8 26. Re4 Rb5 27. Rb1 Qa2 28. Qc1 Rd4 29. Re1 Qe6 30. Qe3 Ra5 31. Re2 Ra8 32. Rf1 Rad8 33. f4 R4d5 34. g4 f5 35. exf6+ Qxf6 36. Qxe7+ Qxe7 37. Rxe7+ Kg8 38. Rfe1 c4 39. dxc4 Rd2 40. R1e2 Rxe2 41. Rxe2 Rd4 42. Rf2 Rxc4 43. Kg2 b5 44. Kf3 b4 45. axb4 Rxb4 46. c3 Rb3 47. Ke4 a3 48. bxa3 Rxa3 49. Kd4 Kf7 50. f5 Ra5 51. fxg6+ Kxg6 52. c4 h5 53. gxh5+ Rxh5 54. Rf8 Kg7 55. Rf3 Kg6 56. Ke4 Rh4+ 57. Rf4 Rh5 58. h4 Kg7 59. Kd4 Kg6 60. Kc3 Kg7 61. Kb4 Kg6 62. c5 Kg7 63. Rc4 Kf6 64. Ka5 Ke6 65. Kb6 Kd5 66. Rg4 Rh6 67. Rg5+ Kd4 68. h5 Kc4 69. Kc7 Kd4 70. Kb6 Kc4 71. Rg4+ Kd5 72. Rh4 Ke5 73. Rh1 Kd5 74. Rh2 Kc4 75. Rc2+ Kd5 76. Rd2+ Kc4 77. Rd6 Rxh5 78. Rxc6 Rh1 79. Rg6 Kd5 80. Rd6+ Ke5 81. Rd2 Ke6 82. c6 Rb1+ 83. Kc7 Ke7 84. Re2+ Kf7 85. Kd7 Rd1+ 86. Kc8 Rc1 87. c7 Rc3 88. Re4 Rc1 89. Kd7 1-0

[Event "Vienna op-A"]
[Site "Vienna"]
[Date "2016.08.22"]
[Round "8"]
[White "Schreiner, Peter"]
[Black "Koop, Thorben"]
[Result "1/2-1/2"]
[WhiteElo "2445"]
[BlackElo "2412"]
[PlyCount "83"]
[EventDate "2016.08.16"]
[EventType "swiss"]
[EventRounds "9"]
[EventCountry "AUT"]
[SourceTitle "CBM 173 Extra"]
[Source "ChessBase"]
[SourceDate "2016.08.29"]
[SourceVersion "1"]
[SourceVersionDate "2016.08.29"]
[SourceQuality "1"]

1. d4 Nf6 2. Nf3 g6 3. c4 Bg7 4. g3 0-0 5. Bg2 d5 6. 0-0 Nc6 7. Nbd2 Re8 8. e3 a5 9. cxd5 Nxd5 10. Nc4 a4 11. a3 Nf6 12. Qe2 Ne4 13. Rd1 Nd6 14. Nfe5 Nxe5 15. Nxe5 Ra5 16. Bd2 Ra8 17. Bc3 c6 18. d5 c5 19. e4 Qb6 20. Nc4 Qa6 21. Bxg7 Kxg7 22. Rac1 Bd7 23. e5 Nxc4 24. Qxc4 Qxc4 25. Rxc4 b6 26. f4 Ra7 27. Kf2 Rd8 28. Bf3 Bb5 29. Rc2 Rad7 30. Ke3 Ba6 31. h4 h5 32. Be4 Bb5 33. Bf3 Ba6 34. Bg2 Bb7 35. Rcd2 b5 36. Bf1 c4 37. Bg2 Kf8 38. Be4 Kg7 39. Bf3 Kf8 40. Be4 Kg7 41. Rd4 f5 42. Bf3 1/2-1/2

[Event "Vlissingen HZ op 20th"]
[Site "Vlissingen"]
[Date "2016.08.10"]
[Round "6"]
[White "Ernst, Sipke"]
[Black "Koop, Thorben"]
[Result "1/2-1/2"]
[WhiteElo "2535"]
[BlackElo "2412"]
[PlyCount "80"]
[EventDate "2016.08.06"]
[EventType "swiss"]
[EventRounds "9"]
[EventCountry "NED"]
[SourceTitle "CBM 173 Extra"]
[Source "ChessBase"]
[SourceDate "2016.08.29"]
[SourceVersion "1"]
[SourceVersionDate "2016.08.29"]
[SourceQuality "1"]

1. d4 Nf6 2. c4 g6 3. Nc3 d5 4. cxd5 Nxd5 5. e4 Nxc3 6. bxc3 Bg7 7. Nf3 c5 8. Be3 Qa5 9. Bd2 0-0 10. h3 Nc6 11. Be2 cxd4 12. cxd4 Qa3 13. d5 Ne5 14. Nxe5 Bxe5 15. Rb1 Qxa2 16. 0-0 a5 17. Bb5 Rd8 18. Be3 Bd7 19. Bc5 e6 20. Be7 Bxb5 21. Rxb5 Rd7 22. d6 f6 23. Qd3 Rc8 24. Rxe5 fxe5 25. Qb5 Rc6 26. Qxe5 Qc4 27. Ra1 b6 28. Qf6 Rc8 29. Ra3 Rxe7 30. Qxe7 Qc1+ 31. Kh2 Qxa3 32. Qxe6+ Kg7 33. Qe7+ Kg8 34. Qe6+ Kg7 35. Qe5+ Kg8 36. Qe6+ Kg7 37. Qe5+ Kf7 38. Qe7+ Kg8 39. Qe6+ Kg7 40. Qd7+ Kh6 1/2-1/2

[Event "Vlissingen HZ op 20th"]
[Site "Vlissingen"]
[Date "2016.08.09"]
[Round "5"]
[White "Koop, Thorben"]
[Black "Lacrosse, Marc"]
[Result "1-0"]
[WhiteElo "2412"]
[BlackElo "2225"]
[PlyCount "119"]
[EventDate "2016.08.06"]
[EventType "swiss"]
[EventRounds "9"]
[EventCountry "NED"]
[SourceTitle "CBM 173 Extra"]
[Source "ChessBase"]
[SourceDate "2016.08.29"]
[SourceVersion "1"]
[SourceVersionDate "2016.08.29"]
[SourceQuality "1"]

1. e4 e5 2. Nf3 Nc6 3. Bb5 a6 4. Ba4 Nf6 5. d3 b5 6. Bb3 Bc5 7. 0-0 h6 8. h3 0-0 9. Re1 d6 10. Nbd2 Na5 11. Nf1 Re8 12. Ng3 Nxb3 13. axb3 d5 14. exd5 Qxd5 15. Ne4 Nxe4 16. dxe4 Qxd1 17. Rxd1 Bb7 18. Re1 Rad8 19. Be3 Bb4 20. c3 Bf8 21. Nd2 Bc5 22. Rad1 Bxe3 23. Rxe3 Rd6 24. Kf1 Red8 25. Ke1 c5 26. Re2 Bc8 27. Rc1 Be6 28. f3 f6 29. c4 Rb8 30. cxb5 Rxb5 31. Rc3 Rdb6 32. Ree3 Kf7 33. Kd1 Ke7 34. Kc2 Rb7 35. Re1 c4 36. Nxc4 Bxc4 37. Rxc4 Rxb3 38. Rc7+ Kd6 39. Rxb7 Rxb7 40. Re3 Rc7+ 41. Kb3 Rb7+ 42. Ka3 Rb5 43. Re2 Kc6 44. b3 Kb6 45. Rd2 Ra5+ 46. Kb2 Kc7 47. g4 Rb5 48. h4 Ra5 49. g5 hxg5 50. hxg5 Rb5 51. Rh2 Rb7 52. Rh7 Kc6 53. g6 Kd6 54. Rh8 f5 55. exf5 Ke7 56. Kc3 Rc7+ 57. Kd3 Kf6 58. Ke4 Rb7 59. Rf8+ Kg5 60. Kxe5 1-0

[Event "St Veit op-A 35th"]
[Site "St Veit"]
[Date "2016.07.09"]
[Round "1"]
[White "Kuecher, Wolfgang"]
[Black "Koop, Thorben"]
[Result "1/2-1/2"]
[WhiteElo "2101"]
[BlackElo "2429"]
[PlyCount "64"]
[EventDate "2016.07.09"]
[EventType "swiss"]
[EventRounds "9"]
[EventCountry "AUT"]
[SourceTitle "EXT 2017"]
[Source "ChessBase"]
[SourceDate "2016.10.25"]
[SourceVersion "1"]
[SourceVersionDate "2016.10.25"]
[SourceQuality "1"]

1. d4 Nf6 2. Nf3 g6 3. g3 Bg7 4. Bg2 d5 5. 0-0 c6 6. b3 0-0 7. Bb2 Ne4 8. Nbd2 c5 9. e3 Nc6 10. Nxe4 dxe4 11. Ne5 f5 12. Nxc6 bxc6 13. Qe2 Be6 14. Rfd1 Qa5 15. c4 Rfd8 16. f3 exf3 17. Bxf3 Rd6 18. d5 cxd5 19. Bxg7 Kxg7 20. Bxd5 Bxd5 21. Rxd5 Rxd5 22. cxd5 Qc3 23. Re1 Rd8 24. e4 Qd4+ 25. Kf1 Rf8 26. Kg2 fxe4 27. Qxe4 Qf2+ 28. Kh3 Rf7 29. Qe5+ Kg8 30. Qe6 Kg7 31. Qe5+ Kg8 32. Qe6 Kg7 1/2-1/2

[Event "Lueneburg GM"]
[Site "Lueneburg"]
[Date "2016.07.03"]
[Round "4"]
[White "Uksini, Bardhyl"]
[Black "Koop, Thorben"]
[Result "0-1"]
[WhiteElo "2259"]
[BlackElo "2429"]
[PlyCount "79"]
[EventDate "2016.06.30"]
[EventType "tourn"]
[EventRounds "9"]
[EventCountry "GER"]
[EventCategory "7"]
[SourceTitle "CBM 173 Extra"]
[Source "ChessBase"]
[SourceDate "2016.08.29"]
[SourceVersion "1"]
[SourceVersionDate "2016.08.29"]
[SourceQuality "1"]

1. d4 Nf6 2. c4 c5 3. d5 e5 4. Nc3 d6 5. e4 Be7 6. h3 Nbd7 7. Be3 Nf8 8. Bd3 Ng6 9. Nge2 h6 10. Qd2 Nh4 11. Rh2 Nh5 12. 0-0-0 Bg5 13. Rf1 0-0 14. a3 Bd7 15. f3 Bxe3 16. Qxe3 Qg5 17. Qxg5 hxg5 18. g3 Ng6 19. Kd2 Rfc8 20. Ra1 Kf8 21. Nd1 Ke7 22. Ne3 Rh8 23. Rah1 Nf6 24. Nf5+ Bxf5 25. exf5 Nf8 26. g4 Rh4 27. Re1 N8d7 28. Kc3 Kd8 29. Ng1 Kc7 30. b4 cxb4+ 31. axb4 a5 32. b5 Nc5 33. Bc2 Kb6 34. Ra1 Kc7 35. Re1 Rc8 36. Kb2 Kb6 37. Rh1 Ncd7 38. Kb3 a4+ 39. Kxa4 Rxc4+ 40. Kb3 0-1